| 000 | 00844nam a2200253Ia 4500 | ||
|---|---|---|---|
| 003 | OSt | ||
| 005 | 20260122163044.0 | ||
| 008 | 210716s2006 xx 000 0 und d | ||
| 020 | _a8126510226 | ||
| 040 | _cAIMIT LIBRARY | ||
| 041 | _aeng | ||
| 082 |
_a657.3 _bWHIG |
||
| 100 |
_aWhite, Gerald I. _9252268 |
||
| 245 |
_aAnalysis and use of financial statements / _cBy Gerald I. White and Ashwinpaul C. Sondhi and Dov Fried. |
||
| 250 | _a3rd ed. | ||
| 260 |
_aNew Delhi : _bWiley India Pvt Ltd , _c2006. |
||
| 300 |
_axii,767 p.; _bPB _c26.5 cm. |
||
| 650 |
_aFoundations of ratio and financial analysis _9252269 |
||
| 650 |
_aAnalysis of financing liabilities _9252270 |
||
| 650 |
_aValuation and forecasting _9252271 |
||
| 700 |
_aSondhi, Ashwinpaul C. _9252272 |
||
| 700 |
_aFried, Dov. _9252273 |
||
| 942 |
_2ddc _cBK _e3rd _k657.3 WHIG |
||
| 999 |
_c182266 _d182266 |
||